Public administration : (Record no. 144929)

MARC details
000 -LEADER
fixed length control field 00689nam a22002057a 4500
005 - DATE AND TIME OF LATEST TRANSACTION
control field 20170920103126.0
010 ## - LCCN (DPL NO)
LC control number ENG-120451
020 ## - INTERNATIONAL STANDARD BOOK NUMBER
International Standard Book Number 9789386689320
Terms of availability 295.00
035 ## - SYSTEM CONTROL NUMBER
System control number EN-103983
037 ## - SOURCE OF ACQUISITION
Source of stock number/acquisition DBAD/PUB
082 ## - DEWEY DECIMAL CLASSIFICATION NUMBER
Classification number 350.0001
100 ## - MAIN ENTRY--PERSONAL NAME
Personal name Chakrabarty,Bidyut
245 ## - TITLE STATEMENT
Title Public administration :
Statement of responsibility, etc by Bidyut Chakrabarty [and] Prakash Chand
Remainder of title from government to governance /
260 ## - PUBLICATION, DISTRIBUTION, ETC. (IMPRINT)
Place of publication, distribution, etc Hyderabad
Name of publisher, distributor, etc Orient Black Swan
Date of publication, distribution, etc 2017
270 ## - ADDRESS
Address 3-6-752,Himayantnagar ,
City Hyderabad (Telangana)
Postal code 500029
300 ## - PHYSICAL DESCRIPTION
Extent xi,344p.
Dimensions 24cm(pbk)
500 ## - GENERAL NOTE
General note Includes bibliographical references and index
700 ## - ADDED ENTRY--PERSONAL NAME
Personal name Prakash Chand
942 ## - ADDED ENTRY ELEMENTS (KOHA)
Source of classification or shelving scheme Dewey Decimal Classification
Item type English Books
Classification part 350.0001
Call number suffix CHA
Holdings
Withdrawn status Lost status Not for loan Collection code Home library Current library Date acquired Source of acquisition Cost, normal purchase price Full call number Barcode Copy number Cost, replacement price Koha item type
      Non-fiction Sarojini Nagar Sarojini Nagar 19/09/2017 DBAD 295.00 350.0001 CHA EN-103983 1 295.00 English Books

© Delhi Public Library
Hit Counter
free hit counter